Los ornamentos sagrados en España (Record no. 5465)

MARC details
000 -CABECERA
campo de control de longitud fija 00836nam a2200265 a 4500
001 - NÚMERO DE CONTROL
campo de control BRCA_5776
005 - FECHA Y HORA DE LA ÚLTIMA TRANSACCIÓN
campo de control 20190320205218.0
008 - DATOS DE LONGITUD FIJA--INFORMACIÓN GENERAL
campo de control de longitud fija 090311s1935----sp-a######---#000-0#spa-#
041 ## - CÓDIGO DE LENGUA
Código de lengua del texto/banda sonora o título independiente spa
044 ## - CÓDIGO DEL PAÍS DE LA ENTIDAD EDITORA/PRODUCTORA
Código MARC del país sp
050 #4 - SIGNATURA TOPOGRÁFICA DE LA BIBLIOTECA DEL CONGRESO
Número de clasificación N7962
Número de documento/Ítem .V55 1935
100 1# - ENTRADA PRINCIPAL--NOMBRE DE PERSONA
Nombre de persona Villanueva, Antolin P.
9 (RLIN) 14653
245 10 - MENCIÓN DE TÍTULO
Título Los ornamentos sagrados en España
Resto del título su evolución histórica y artística
Mención de responsabilidad, etc. Antolin P. Villanueva.
260 ## - PUBLICACIÓN, DISTRIBUCIÓN, ETC.
Lugar de publicación, distribución, etc. Barcelona, España
Nombre del editor, distribuidor, etc. Labor
Fecha de publicación, distribución, etc. 1935
300 ## - DESCRIPCIÓN FÍSICA
Extensión 332 p.
Otras características físicas il., 40 láminas
Dimensiones 18 cm.
440 #0 - MENCIÓN DE SERIE/PUNTO DE ACCESO ADICIONAL--TÍTULO
Título Colección Labor
Nombre de parte o sección de la obra Artes plásticas
Designación de volumen o secuencia 356-357
9 (RLIN) 14654
500 ## - NOTA GENERAL
Nota general Incluye glosario
500 ## - NOTA GENERAL
Nota general Estado físico: Camisa deteriorada
500 ## - NOTA GENERAL
Nota general G5
650 14 - PUNTO DE ACCESO ADICIONAL DE MATERIA--TÉRMINO DE MATERIA
Término de materia o nombre geográfico como elemento de entrada Arte y simbolismno cristianos
9 (RLIN) 14655
650 14 - PUNTO DE ACCESO ADICIONAL DE MATERIA--TÉRMINO DE MATERIA
Término de materia o nombre geográfico como elemento de entrada Arte
Subdivisión geográfica España
9 (RLIN) 2064
650 14 - PUNTO DE ACCESO ADICIONAL DE MATERIA--TÉRMINO DE MATERIA
Término de materia o nombre geográfico como elemento de entrada Vestiduras eclesiásticas
9 (RLIN) 9322
902 ## - CATALOGADOR
Iniciales GFM
942 ## - ELEMENTOS DE PUNTO DE ACCESO ADICIONAL (KOHA)
Fuente del sistema de clasificación o colocación Library of Congress Classification
Tipo de ítem Koha Libros
Holdings
Estado de retiro Estado de pérdida Estado dañado No para préstamo Localización permanente Ubicación/localización actual Fecha de adquisición Número de inventario Total de préstamos Signatura topográfica completa Código de barras Fecha visto por última vez Precio válido a partir de Tipo de ítem Koha
El ejemplar forma parte de la colección y puede ser consultado según las políticas vigentes.       Biblioteca del Museo Franz Mayer (Rogerio Casas-Alatriste) Biblioteca del Museo Franz Mayer (Rogerio Casas-Alatriste) 09/03/2011 G5   N7962 .V55 1935 (G5) 6215 22/03/2019 22/03/2019 Libros